000
00327nam a22001457a 4500
008
231102b ||||| |||| 00| 0 eng d
020
_a
354013008
041
_a
eng
080
_a
53
082
_a
53CHA
100
_a
23
101
_a
FIZIK
245
_a
INTRODUCTION TO GAUGE FIELD THEORIES
_c
CHAICHIAN .M
942
_2
udc
_c
BK
999
_c
60491
_d
60491